[Event "29th Czech Open-Rapid 2018"]
[Site "Pardubice"]
[Date "2018.07.18"]
[Round "2"]
[White "Zdrazil, Jan"]
[Black "Roenko, Artur"]
[Result "1/2-1/2"]
[WhiteElo "1953"]
[BlackElo "2162"]
[Annotator "NA"]
[PlyCount "90"]
[EventDate "2018.07.18"]
[EventType "swiss"]
[EventCountry "CZE"]
[SourceTitle "playchess.com"]
[Source "ChessBase"]
[SourceQuality "1"]
[TimeControl "900+10"]

1. e4 {[%emt 0:00:00]} e6 {[%emt 0:00:00]} 2. d4 {[%emt 0:00:00]} d5 {[%emt 0:00:00]} 3. Nc3 {[%emt 0:00:00]} Bb4 {[%emt 0:00:00]} 4. e5 {[%emt 0:00:00]} c5 {[%emt 0:00:00]} 5. a3 {[%emt 0:00:00]} Bxc3+ {[%emt 0:00:00]} 6. bxc3 {[%emt 0:00:00]} Ne7 {[%emt 0:00:01]} 7. Qg4 {[%emt 0:00:02]} cxd4 {[%emt 0:00:02]} 8. Qxg7 {[%emt 0:00:15]} Rg8 {[%emt 0:00:02]} 9. Qxh7 {[%emt 0:00:01]} Qc7 {[%emt 0:00:07]} 10. Ne2 {[%emt 0:00:02]} Nbc6 {[%emt 0:00:11]} 11. f4 {[%emt 0:00:02]} dxc3 {[%emt 0:00:02]} 12. Qd3 {[%emt 0:00:21]} d4 {[%emt 0:00:02]} 13. Nxd4 {[%emt 0:00:09]} Nxd4 {[%emt 0:00:02]} 14. Qxd4 {[%emt 0:00:02]} Bd7 {[%emt 0:00:08]} 15. Rg1 {[%emt 0:00:04]} Nf5 {[%emt 0:00:11]} 16. Qf2 {[%emt 0:00:02]} Qc6 {[%emt 0:00:35]} 17. Bd3 {[%emt 0:02:26]} O-O-O {[%emt 0:00:43]} 18. g4 {[%emt 0:04:27]} Ne7 {[%emt 0:01:03]} 19. Qxa7 {[%emt 0:00:33]} Qf3 {[%emt 0:01:11]} 20. Qe3 {[%emt 0:02:15]} Qc6 {[%emt 0:00:32]} 21. Rb1 {[%emt 0:00:45]} Nd5 {[%emt 0:00:13]} 22. Qa7 {[%emt 0:00:35]} Nc7 {[%emt 0:01:04]} 23. Rb4 {[%emt 0:00:53]} b5 {[%emt 0:01:18]} 24. a4 {[%emt 0:01:11]} Qa6 {[%emt 0:00:04]} 25. Qxa6+ {[%emt 0:00:38]} Nxa6 {[%emt 0:00:02]} 26. Rd4 {[%emt 0:00:02]} Nc7 {[%emt 0:02:22]} 27. axb5 {[%emt 0:00:20]} Nd5 {[%emt 0:00:22]} 28. Ba3 {[%emt 0:00:59]} Rh8 {[%emt 0:00:12]} 29. Rh1 {[%emt 0:00:54]} Kb7 {[%emt 0:00:12]} 30. Kf2 {[%emt 0:00:16]} Ra8 {[%emt 0:00:19]} 31. Bd6 {[%emt 0:00:16]} Ra2 {[%emt 0:00:16]} 32. h4 {[%emt 0:00:20]} Rb2 {[%emt 0:01:37]} 33. h5 {[%emt 0:00:28]} Kb6 {[%emt 0:00:48]} 34. h6 {[%emt 0:00:12]} Bxb5 {[%emt 0:00:02]} 35. h7 {[%emt 0:01:17]} Bxd3 {[%emt 0:01:16]} 36. Rxd3 {[%emt 0:00:01]} Rxc2+ {[%emt 0:00:24]} 37. Kf3 {[%emt 0:00:01]} Rd2 {[%emt 0:00:11]} 38. Rxd2 {[%emt 0:00:33]} cxd2 {[%emt 0:00:02]} 39. Ke2 {[%emt 0:00:04]} d1=Q+ {[%emt 0:00:20]} 40. Kxd1 {[%emt 0:00:12]} Nxf4 {[%emt 0:00:20]} 41. Bf8 {[%emt 0:00:33]} Rxf8 {[%emt 0:01:17]} 42. h8=Q {[%emt 0:00:02]} Rxh8 {[%emt 0:00:03]} 43. Rxh8 {[%emt 0:00:00]} Ng6 {[%emt 0:00:01]} 44. Rh5 {[%emt 0:00:23]} Kc5 {[%emt 0:00:04]} 45. Ke2 {[%emt 0:00:29]} Kd4 1/2-1/2

[Event "29th Czech Open-Rapid 2018"]
[Site "Pardubice"]
[Date "2018.07.18"]
[Round "2"]
[White "Trost, Edvin"]
[Black "Bystrov, Sergej M"]
[Result "1/2-1/2"]
[WhiteElo "1925"]
[BlackElo "2233"]
[Annotator "TA"]
[PlyCount "154"]
[EventDate "2018.07.18"]
[EventType "swiss"]
[EventCountry "CZE"]
[SourceTitle "playchess.com"]
[Source "ChessBase"]
[SourceQuality "1"]

{[%evp 14,154,-14,-36,-14,-14,-15,-49,-42,-83,-100,-95,-81,-106,-97,-102,-106,-134,-120,-131,-100,-148,-16,-138,-110,-110,-114,-147,-101,-166,-85,-197,-108,-104,-101,-103,-69,-145,-134,-145,-89,-76,-61,-107,-74,-80,0,-43,-39,-42,-47,-43,-8,-16,-12,-22,0,-49,-49,-50,-43,-50,-21,-23,0,0,0,0,0,0,0,0,0,-75,-75,-67,-74,-75,-75,-75,-75,-75,-75,-75,-75,-75,-61,-75,-75,-75,-75,-75,-75,-75,-75,-75,-75,-75,0,-75,-75,-75,-40,-25,-27,-75,0,0,0,-75,-75,-75,-75,-75,-75,-75,-75,-75,-75,-75,-75,-75,-75,-75,-75,-75,-75,-75,0,-75,0,0,0,0,0,0,0,-8,0,0,29974,8,8]} 1. e4 c5 2. Nf3 Nf6 3. Nc3 d5 4. exd5 Nxd5 5. Bb5+ Bd7 6. Bxd7+ Qxd7 7. O-O Nc6 {B29: Sicilian: 2 Nf3 Nf6 (Nimzowitsch Variation)} 8. d3 {LiveBook: 3 Games} e6 9. Re1 Be7 10. d4 $146 ({Predecessor:} 10. Bg5 O-O 11. Bxe7 Ndxe7 12. Ne5 Nxe5 13. Rxe5 b6 14. Rh5 f5 15. Qf3 {0-1 (29) Ruiz Aguilar,P (2239)-Rakhmanov,A (2603) Panama City 2013}) 10... cxd4 11. Nxd4 Nxc3 12. bxc3 O-O 13. Qg4 Rad8 {[%cal Rc6d4]} 14. Be3 Ne5 15. Qh3 Ng6 16. Rad1 a6 17. g3 Qc7 (17... Bf6 $17 {Threatens to win with ...Qc8.} 18. Rb1 Ne7) 18. Qg2 (18. Nxe6 $1 $11 fxe6 19. Qxe6+ Kh8 20. Bb6 Qxc3 21. Bxd8 Bxd8 22. Re2) 18... Rd5 19. Rd3 Rfd8 20. Qe4 {next Nxe6 is good for White.} Bf6 21. Red1 (21. Ne2 $17 {was called for.}) 21... Qc8 (21... Qc4 $19 {...e5 is the strong threat.} 22. f4 Qxa2) 22. f4 {[#]} (22. Ne2 $17) 22... e5 ({Better is} 22... Qc4 $1 $19 23. a3 e5 24. fxe5 Nxe5) 23. Ne2 $17 Rxd3 24. Rxd3 exf4 25. Bxf4 (25. Rxd8+ $15 Qxd8 26. Bxf4) 25... Re8 26. Qf3 Nxf4 (26... Qc5+ $142 27. Kf1 Qb6) 27. Nxf4 Qc5+ 28. Kf1 b5 29. Nd5 Bg5 ({Black should try} 29... Be5 $17) 30. h4 Bd8 31. Re3 Rxe3 32. Qxe3 Qc4+ 33. Kf2 {[%cal Re3e8]} Kf8 34. Qd3 Qxa2 35. Nb4 {[%cal Rd3d8]} (35. Ne3 $5 {[%cal Rd3d8]} Be7 36. Qxh7 $11) 35... Bb6+ 36. Kg2 Qe6 {Strongly threatening ...a5.} 37. Nxa6 Qc6+ 38. Kh2 $1 g6 39. Nb8 Qc7 40. Nd7+ Ke7 41. Qxb5 Qxd7 42. Qxb6 $11 {[%mdl 4096] Endgame KQ-KQ} Qd2+ 43. Kg1 (43. Kh3 $11) 43... Qc1+ $17 ({Of course not} 43... Qxc2 44. Qc5+ Ke6 45. Qe3+ Kd7 46. Qd4+ Ke7 47. Qe5+ Kf8 48. Qh8+ Ke7 49. Qe5+ Kf8 50. Qh8+ Ke7 51. Qe5+ $11) 44. Kg2 Qxc2+ 45. Kh1 Qxc3 46. Kg2 Qd2+ 47. Kg1 Qe1+ 48. Kg2 Qe4+ 49. Kh2 h5 50. Qc5+ Kf6 51. Qc3+ Qe5 52. Qf3+ Kg7 53. Qd3 Qb2+ 54. Kg1 Qa1+ 55. Kg2 Qe5 (55... Qa8+ $17 56. Kf2 Qa1) 56. Qc2 (56. Kh2 $1 $11) 56... Kf6 57. Qc6+ Qe6 58. Qc3+ Ke7 59. Qc7+ Ke8 ({Black should play} 59... Kf8 $17) 60. Qb8+ $11 Ke7 (60... Kd7 $11) 61. Qc7+ $17 Kf8 62. Qb8+ Kg7 63. Qb2+ Qf6 64. Qe2 Qd6 65. Qb2+ Kh7 66. Qf2 Qd5+ 67. Kh2 Kg8 68. Qe2 Qe6 69. Qd2 Qe5 70. Qd8+ {[#]} Kg7 (70... Kh7 $1 $17) 71. Qd2 (71. Qd3 $11) 71... g5 (71... Qe4 $17) 72. hxg5 $11 h4 73. Qf4 Qxf4 74. gxf4 Kg6 75. Kg2 $1 Kh5 {( -> ...Kg4)} (75... Kf5 $5 76. Kh3 $8 Kxf4 77. Kxh4 Kf3 $11) 76. Kh3 Kg6 $2 {[%mdl 8192]} (76... f6 $11) 77. Kxh4 $2 (77. Kg4 {mates} Kg7 78. Kxh4 Kf8 79. f5 Kg7 80. f6+ Kf8 81. Kh5 Ke8 82. g6) 77... f6 {Precision: White = 42%, Black = 45%.} 1/2-1/2

[Event "29th Czech Open-Rapid 2018"]
[Site "Pardubice"]
[Date "2018.07.18"]
[Round "2"]
[White "Alekseev, Mikhail G"]
[Black "Petr, Jan"]
[Result "0-1"]
[WhiteElo "1855"]
[BlackElo "2282"]
[Annotator "NA"]
[PlyCount "92"]
[EventDate "2018.07.18"]
[EventType "swiss"]
[EventCountry "CZE"]
[SourceTitle "playchess.com"]
[Source "ChessBase"]
[SourceQuality "1"]
[TimeControl "900+10"]

1. e4 {[%emt 0:00:00]} e5 {[%emt 0:00:00]} 2. Nf3 {[%emt 0:00:00]} Nf6 {[%emt 0:00:00]} 3. Nxe5 {[%emt 0:00:15]} d6 {[%emt 0:00:00]} 4. Nf3 {[%emt 0:00:02]} Nxe4 {[%emt 0:00:00]} 5. d3 {[%emt 0:00:11]} Nf6 {[%emt 0:00:08]} 6. d4 {[%emt 0:00:01]} d5 {[%emt 0:00:11]} 7. Be2 {[%emt 0:00:06]} Bd6 {[%emt 0:00:13]} 8. O-O {[%emt 0:00:05]} h6 {[%emt 0:00:07]} 9. b3 {[%emt 0:00:38]} O-O {[%emt 0:00:06]} 10. Bb2 {[%emt 0:00:35]} Ne4 {[%emt 0:00:38]} 11. c4 {[%emt 0:00:38]} c6 {[%emt 0:00:05]} 12. Nc3 {[%emt 0:00:12]} Bf5 {[%emt 0:00:49]} 13. Rc1 {[%emt 0:01:18]} Bf4 {[%emt 0:00:32]} 14. Ra1 {[%emt 0:00:02]} Nd7 {[%emt 0:01:15]} 15. cxd5 {[%emt 0:00:15]} Nxc3 {[%emt 0:00:01]} 16. Bxc3 {[%emt 0:00:01]} cxd5 {[%emt 0:00:01]} 17. Ne5 {[%emt 0:01:09]} Re8 {[%emt 0:00:57]} 18. Bb5 {[%emt 0:00:43]} a6 {[%emt 0:01:12]} 19. Bxd7 {[%emt 0:00:59]} Bxd7 {[%emt 0:00:02]} 20. Qf3 {[%emt 0:01:17]} Bxe5 {[%emt 0:03:06]} 21. dxe5 {[%emt 0:00:01]} Be6 {[%emt 0:00:02]} 22. Bd4 {[%emt 0:00:51]} Qa5 {[%emt 0:00:07]} 23. Qe2 {[%emt 0:02:01]} Rac8 {[%emt 0:00:37]} 24. Rac1 {[%emt 0:00:34]} Qb4 {[%emt 0:00:09]} 25. Qb2 {[%emt 0:00:30]} Qb5 {[%emt 0:00:34]} 26. h3 {[%emt 0:01:02]} Qd3 {[%emt 0:00:04]} 27. Rfd1 {[%emt 0:00:34]} Qg6 {[%emt 0:00:05]} 28. Kh2 {[%emt 0:00:24]} Qg5 {[%emt 0:00:27]} 29. Rxc8 {[%emt 0:01:01]} Rxc8 {[%emt 0:00:01]} 30. Qd2 {[%emt 0:00:00]} Qh4 {[%emt 0:01:28]} 31. Bb2 {[%emt 0:01:17]} Qe4 {[%emt 0:01:23]} 32. Re1 {[%emt 0:00:29]} Rc2 {[%emt 0:00:34]} 33. Rxe4 {[%emt 0:00:30]} Rxd2 {[%emt 0:00:01]} 34. Bc3 {[%emt 0:00:04]} Rxa2 {[%emt 0:00:20]} 35. Rb4 {[%emt 0:00:13]} b5 {[%emt 0:01:47]} 36. f3 {[%emt 0:00:08]} Rc2 {[%emt 0:00:11]} 37. Be1 {[%emt 0:00:24]} d4 {[%emt 0:00:32]} 38. Rxd4 {[%emt 0:00:29]} Bxb3 {[%emt 0:00:01]} 39. Rd8+ {[%emt 0:00:12]} Kh7 {[%emt 0:00:02]} 40. Ra8 {[%emt 0:00:06]} Ra2 {[%emt 0:00:14]} 41. Kg3 {[%emt 0:00:43]} Bc4 {[%emt 0:00:01]} 42. Kf4 {[%emt 0:00:10]} g5+ {[%emt 0:00:39]} 43. Kf5 {[%emt 0:00:19]} Kg7 {[%emt 0:00:00]} 44. Bc3 {[%emt 0:00:17]} Bd3+ {[%emt 0:00:06]} 45. Kg4 {[%emt 0:00:05]} Rxg2+ {[%emt 0:00:03]} 46. Kh5 {[%emt 0:00:02]} Bg6# {[%emt 0:00:02]} 0-1

[Event "29th Czech Open-Rapid 2018"]
[Site "Pardubice"]
[Date "2018.07.18"]
[Round "2"]
[White "Trost, Martin"]
[Black "Pein, Jonathan"]
[Result "0-1"]
[WhiteElo "1838"]
[BlackElo "2106"]
[Annotator "NA"]
[PlyCount "36"]
[EventDate "2018.07.18"]
[EventType "swiss"]
[EventCountry "CZE"]
[SourceTitle "playchess.com"]
[Source "ChessBase"]
[SourceQuality "1"]
[TimeControl "900+10"]

1. e4 {[%emt 0:00:00]} Nc6 {[%emt 0:00:00]} 2. d4 {[%emt 0:00:00]} e5 {[%emt 0:00:00]} 3. d5 {[%emt 0:00:01]} Nce7 {[%emt 0:00:00]} 4. c4 {[%emt 0:00:02]} Ng6 {[%emt 0:00:00]} 5. g3 {[%emt 0:00:20]} Bc5 {[%emt 0:00:11]} 6. Be3 {[%emt 0:00:47]} Bxe3 {[%emt 0:00:10]} 7. fxe3 {[%emt 0:00:01]} Nf6 {[%emt 0:00:02]} 8. Nc3 {[%emt 0:00:09]} Qe7 {[%emt 0:00:02]} 9. Bg2 {[%emt 0:00:25]} Qb4 {[%emt 0:00:40]} 10. Qe2 {[%emt 0:00:07]} O-O {[%emt 0:00:35]} 11. Nf3 {[%emt 0:00:26]} Nxe4 {[%emt 0:00:28]} 12. O-O {[%emt 0:00:33]} Nxc3 {[%emt 0:00:07]} 13. bxc3 {[%emt 0:00:01]} Qxc3 {[%emt 0:00:10]} 14. e4 {[%emt 0:02:48]} d6 {[%emt 0:00:13]} 15. Rfc1 {[%emt 0:05:54]} Qa3 {[%emt 0:00:04]} 16. c5 {[%emt 0:00:30]} dxc5 {[%emt 0:01:26]} 17. Nd2 {[%emt 0:02:26]} b6 {[%emt 0:00:58]} 18. h4 {[%emt 0:00:47]} Qxg3 {[%emt 0:00:15]} 0-1

[Event "29th Czech Open-Rapid 2018"]
[Site "Pardubice"]
[Date "2018.07.18"]
[Round "2"]
[White "Ret, Adam Josef"]
[Black "Buchcar, Tomas"]
[Result "0-1"]
[WhiteElo "1824"]
[BlackElo "2133"]
[Annotator "NA"]
[PlyCount "100"]
[EventDate "2018.07.18"]
[EventType "swiss"]
[EventCountry "CZE"]
[SourceTitle "playchess.com"]
[Source "ChessBase"]
[SourceQuality "1"]
[TimeControl "900+10"]

1. d4 {[%emt 0:00:00]} Nf6 {[%emt 0:00:00]} 2. c4 {[%emt 0:00:00]} c5 {[%emt 0:00:00]} 3. d5 {[%emt 0:00:12]} e5 {[%emt 0:00:00]} 4. Nc3 {[%emt 0:00:50]} d6 {[%emt 0:00:00]} 5. e4 {[%emt 0:00:06]} Be7 {[%emt 0:00:00]} 6. g3 {[%emt 0:00:11]} Nbd7 {[%emt 0:00:00]} 7. Bg2 {[%emt 0:00:04]} Nf8 {[%emt 0:00:06]} 8. Nge2 {[%emt 0:00:05]} Ng6 {[%emt 0:00:22]} 9. Qc2 {[%emt 0:00:16]} a6 {[%emt 0:00:02]} 10. a3 {[%emt 0:00:11]} Bd7 {[%emt 0:00:37]} 11. Bd2 {[%emt 0:00:17]} O-O {[%emt 0:00:12]} 12. O-O {[%emt 0:00:02]} Re8 {[%emt 0:00:35]} 13. Rab1 {[%emt 0:00:26]} h6 {[%emt 0:00:23]} 14. b3 {[%emt 0:00:12]} Nh7 {[%emt 0:00:07]} 15. h3 {[%emt 0:00:42]} Qc8 {[%emt 0:00:10]} 16. Kh2 {[%emt 0:00:05]} Rf8 {[%emt 0:01:09]} 17. f4 {[%emt 0:02:58]} exf4 {[%emt 0:00:04]} 18. Nxf4 {[%emt 0:00:10]} Ne5 {[%emt 0:00:04]} 19. Nd3 {[%emt 0:00:28]} Bf6 {[%emt 0:00:17]} 20. Bf4 {[%emt 0:01:01]} Re8 {[%emt 0:00:02]} 21. Nxe5 {[%emt 0:00:14]} Bxe5 {[%emt 0:00:02]} 22. Bxe5 {[%emt 0:00:02]} Rxe5 {[%emt 0:00:01]} 23. Qf2 {[%emt 0:00:27]} Nf6 {[%emt 0:00:46]} 24. Qf4 {[%emt 0:00:59]} Qc7 {[%emt 0:02:36]} 25. Rbe1 {[%emt 0:01:32]} Rae8 {[%emt 0:00:02]} 26. Qd2 {[%emt 0:00:45]} Qd8 {[%emt 0:00:05]} 27. Re2 {[%emt 0:00:49]} Qe7 {[%emt 0:00:45]} 28. Rfe1 {[%emt 0:00:06]} Rg5 {[%emt 0:01:31]} 29. Re3 {[%emt 0:00:35]} Qe5 {[%emt 0:00:09]} 30. Ne2 {[%emt 0:01:13]} Rh5 {[%emt 0:02:49]} 31. Nf4 {[%emt 0:02:19]} Ng4+ {[%emt 0:00:14]} 32. Kg1 {[%emt 0:00:14]} Nxe3 {[%emt 0:00:02]} 33. Qxe3 {[%emt 0:01:10]} Rf5 {[%emt 0:00:41]} 34. h4 {[%emt 0:00:09]} Rf6 {[%emt 0:00:15]} 35. Qe2 {[%emt 0:01:28]} Rxf4 {[%emt 0:00:17]} 36. gxf4 {[%emt 0:00:04]} Qxf4 {[%emt 0:00:02]} 37. Qf2 {[%emt 0:00:14]} Qxf2+ {[%emt 0:01:01]} 38. Kxf2 {[%emt 0:00:03]} Re5 {[%emt 0:00:01]} 39. Re3 {[%emt 0:00:21]} f5 {[%emt 0:00:44]} 40. exf5 {[%emt 0:00:06]} Rxe3 {[%emt 0:00:27]} 41. Kxe3 {[%emt 0:00:02]} Bxf5 {[%emt 0:00:01]} 42. b4 {[%emt 0:00:31]} b6 {[%emt 0:00:05]} 43. Bf1 {[%emt 0:00:05]} Kf7 {[%emt 0:00:03]} 44. Kf4 {[%emt 0:00:00]} Kf6 {[%emt 0:00:01]} 45. bxc5 {[%emt 0:00:09]} bxc5 {[%emt 0:00:01]} 46. Be2 {[%emt 0:00:04]} g5+ {[%emt 0:00:04]} 47. hxg5+ {[%emt 0:00:02]} hxg5+ {[%emt 0:00:01]} 48. Ke3 {[%emt 0:00:03]} Ke5 {[%emt 0:00:06]} 49. Bf3 {[%emt 0:00:04]} Bh3 {[%emt 0:00:27]} 50. Be4 {[%emt 0:00:50]} Bf1 {[%emt 0:00:18]} 0-1

[Event "29th Czech Open-Rapid 2018"]
[Site "Pardubice"]
[Date "2018.07.18"]
[Round "2"]
[White "Effenberger, Adam"]
[Black "Slovak, Kilian"]
[Result "0-1"]
[WhiteElo "1817"]
[BlackElo "2285"]
[Annotator "NA"]
[PlyCount "56"]
[EventDate "2018.07.18"]
[EventType "swiss"]
[EventCountry "CZE"]
[SourceTitle "playchess.com"]
[Source "ChessBase"]
[SourceQuality "1"]
[TimeControl "900+10"]

1. e4 {[%emt 0:00:00]} c5 {[%emt 0:00:00]} 2. Nf3 {[%emt 0:00:00]} Nc6 {[%emt 0:00:03]} 3. Bb5 {[%emt 0:00:08]} g6 {[%emt 0:00:01]} 4. Bxc6 {[%emt 0:00:05]} bxc6 {[%emt 0:00:02]} 5. O-O {[%emt 0:00:10]} Bg7 {[%emt 0:00:07]} 6. Re1 {[%emt 0:00:18]} d6 {[%emt 0:00:03]} 7. c3 {[%emt 0:00:27]} Nh6 {[%emt 0:00:30]} 8. d4 {[%emt 0:00:21]} cxd4 {[%emt 0:00:04]} 9. cxd4 {[%emt 0:00:03]} O-O {[%emt 0:00:52]} 10. Nc3 {[%emt 0:00:13]} f6 {[%emt 0:00:07]} 11. Bf4 {[%emt 0:00:51]} Nf7 {[%emt 0:00:02]} 12. Rc1 {[%emt 0:00:18]} e5 {[%emt 0:00:05]} 13. dxe5 {[%emt 0:00:20]} fxe5 {[%emt 0:00:12]} 14. Be3 {[%emt 0:00:22]} Be6 {[%emt 0:00:37]} 15. b3 {[%emt 0:00:20]} d5 {[%emt 0:01:45]} 16. Bc5 {[%emt 0:00:33]} Re8 {[%emt 0:00:06]} 17. Na4 {[%emt 0:00:37]} d4 {[%emt 0:03:15]} 18. Ba3 {[%emt 0:00:21]} Ng5 {[%emt 0:00:48]} 19. Rxc6 {[%emt 0:01:48]} Bg4 {[%emt 0:00:05]} 20. Nc5 {[%emt 0:01:22]} Bxf3 {[%emt 0:04:52]} 21. gxf3 {[%emt 0:00:15]} Qa5 {[%emt 0:00:02]} 22. Ra6 {[%emt 0:05:46]} Qc3 {[%emt 0:02:12]} 23. Kg2 {[%emt 0:00:47]} Rf8 {[%emt 0:01:02]} 24. Nd3 {[%emt 0:01:29]} Rxf3 {[%emt 0:00:13]} 25. h4 {[%emt 0:00:01]} Rxd3 {[%emt 0:00:07]} 26. Qe2 {[%emt 0:01:27]} Nh3 {[%emt 0:00:12]} 27. Qg4 {[%emt 0:00:44]} Nf4+ {[%emt 0:00:03]} 28. Kf1 {[%emt 0:00:07]} Rh3 {[%emt 0:00:21]} 0-1

[Event "29th Czech Open-Rapid 2018"]
[Site "Pardubice"]
[Date "2018.07.18"]
[Round "2"]
[White "Salykin, Alexandr"]
[Black "Ruzicka, Josef"]
[Result "1-0"]
[WhiteElo "1745"]
[BlackElo "2139"]
[Annotator "NA"]
[PlyCount "65"]
[EventDate "2018.07.18"]
[EventType "swiss"]
[EventCountry "CZE"]
[SourceTitle "playchess.com"]
[Source "ChessBase"]
[SourceQuality "1"]
[TimeControl "900+10"]

1. d4 {[%emt 0:00:00]} Nf6 {[%emt 0:00:00]} 2. Bf4 {[%emt 0:00:00]} g6 {[%emt 0:00:09]} 3. e3 {[%emt 0:00:00]} Bg7 {[%emt 0:00:05]} 4. Nf3 {[%emt 0:00:00]} d6 {[%emt 0:00:04]} 5. h3 {[%emt 0:00:00]} O-O {[%emt 0:00:08]} 6. Be2 {[%emt 0:00:00]} b6 {[%emt 0:01:32]} 7. O-O {[%emt 0:00:06]} Bb7 {[%emt 0:00:17]} 8. a4 {[%emt 0:00:03]} a6 {[%emt 0:00:07]} 9. c3 {[%emt 0:00:02]} Nbd7 {[%emt 0:00:33]} 10. Bh2 {[%emt 0:00:09]} Re8 {[%emt 0:00:48]} 11. Re1 {[%emt 0:00:18]} e5 {[%emt 0:00:20]} 12. Na3 {[%emt 0:00:16]} Ne4 {[%emt 0:01:39]} 13. Nc4 {[%emt 0:02:48]} Qe7 {[%emt 0:01:57]} 14. Ncd2 {[%emt 0:04:27]} Nxd2 {[%emt 0:02:12]} 15. Nxd2 {[%emt 0:00:02]} f5 {[%emt 0:02:11]} 16. Qb3+ {[%emt 0:02:57]} Kh8 {[%emt 0:00:03]} 17. a5 {[%emt 0:00:14]} b5 {[%emt 0:00:26]} 18. c4 {[%emt 0:04:15]} exd4 {[%emt 0:00:14]} 19. exd4 {[%emt 0:00:18]} Bxg2 {[%emt 0:00:07]} 20. Kxg2 {[%emt 0:00:35]} Qg5+ {[%emt 0:00:02]} 21. Bg3 {[%emt 0:00:11]} Qxd2 {[%emt 0:00:04]} 22. Rad1 {[%emt 0:01:09]} Qxa5 {[%emt 0:00:34]} 23. Ra1 {[%emt 0:00:39]} Qb6 {[%emt 0:00:32]} 24. cxb5 {[%emt 0:00:14]} Bxd4 {[%emt 0:00:45]} 25. Bf3 {[%emt 0:00:08]} Rab8 {[%emt 0:00:24]} 26. Rxe8+ {[%emt 0:00:06]} Rxe8 {[%emt 0:00:08]} 27. Bc6 {[%emt 0:00:15]} Rd8 {[%emt 0:00:57]} 28. Rxa6 {[%emt 0:00:01]} Nc5 {[%emt 0:00:14]} 29. Rxb6 {[%emt 0:00:21]} Nxb3 {[%emt 0:00:01]} 30. Rb7 {[%emt 0:00:02]} Bb6 {[%emt 0:00:15]} 31. Bd5 {[%emt 0:00:14]} Nc5 {[%emt 0:00:22]} 32. Bh4 {[%emt 0:00:08]} Nxb7 {[%emt 0:00:14]} 33. Bf6# {[%emt 0:00:10]} 1-0

[Event "29th Czech Open-Rapid 2018"]
[Site "Pardubice"]
[Date "2018.07.18"]
[Round "2"]
[White "Bueble, Joschua"]
[Black "Cerveny, Martin"]
[Result "0-1"]
[WhiteElo "1722"]
[BlackElo "2359"]
[Annotator "NA"]
[PlyCount "42"]
[EventDate "2018.07.18"]
[EventType "swiss"]
[EventCountry "CZE"]
[SourceTitle "playchess.com"]
[Source "ChessBase"]
[SourceQuality "1"]
[TimeControl "900+10"]

1. d4 {[%emt 0:00:00]} Nf6 {[%emt 0:00:00]} 2. c4 {[%emt 0:00:00]} d6 {[%emt 0:00:00]} 3. Nc3 {[%emt 0:00:00]} Nbd7 {[%emt 0:00:05]} 4. e4 {[%emt 0:00:00]} e5 {[%emt 0:00:20]} 5. Nge2 {[%emt 0:00:43]} Be7 {[%emt 0:00:24]} 6. f3 {[%emt 0:00:13]} O-O {[%emt 0:00:14]} 7. Be3 {[%emt 0:00:03]} c6 {[%emt 0:00:32]} 8. d5 {[%emt 0:00:45]} cxd5 {[%emt 0:00:57]} 9. Nxd5 {[%emt 0:00:08]} Nxd5 {[%emt 0:00:01]} 10. Qxd5 {[%emt 0:00:45]} Nb6 {[%emt 0:01:01]} 11. Qd3 {[%emt 0:01:04]} f5 {[%emt 0:01:06]} 12. Qb3 {[%emt 0:02:35]} Be6 {[%emt 0:02:26]} 13. Nc3 {[%emt 0:00:39]} fxe4 {[%emt 0:00:11]} 14. fxe4 {[%emt 0:00:10]} Bg5 {[%emt 0:01:21]} 15. Bxg5 {[%emt 0:03:39]} Qxg5 {[%emt 0:00:02]} 16. Nb5 {[%emt 0:00:08]} Qh4+ {[%emt 0:00:38]} 17. Kd1 {[%emt 0:00:50]} Qxe4 {[%emt 0:02:44]} 18. Nc7 {[%emt 0:04:08]} Bg4+ {[%emt 0:00:02]} 19. Kc1 {[%emt 0:00:07]} Qe1+ {[%emt 0:00:08]} 20. Kc2 {[%emt 0:00:13]} Rf2+ {[%emt 0:00:07]} 21. Kd3 {[%emt 0:00:08]} Bf5# {Kd4} 0-1